Pays ayant des mégapoles - Statistiques

Statistiques générales
  • Ce quiz a été pris 112 162 fois
    14 258 depuis la dernière actualisation
  • Le résultat moyen est 19 sur 27
Statistiques - réponses
# Villes Pays % Correct
12 Canton, Shanghai, Pékin, Chengdu, Xiamen, Hangzhou, Xi'an, Tianjin, Wuhan, Chongqing, Changsha, Zhengzhou Chine
99%
2 New York City, Los Angeles États-Unis
99%
1 Paris France
98%
7 Delhi, Mumbai, Kolkata, Bengaluru, Chennai, Hyderabad, Ahmedabad Inde
95%
3 Tokyo, Osaka, Nagoya Japon
95%
2 São Paulo, Rio de Janeiro Brésil
93%
1 Moscou Russie
93%
1 Londres Royaume-Uni
91%
1 Mexico Mexique
87%
1 Buenos Aires Argentine
82%
1 Johannesbourg Afrique du Sud
74%
1 Jakarta Indonésie
74%
1 Le Caire Égypte
69%
1 Séoul Corée du Sud
68%
1 Lagos Nigeria
65%
2 Karachi, Lahore Pakistan
64%
1 Bangkok Thaïlande
62%
1 Istanbul Turquie
60%
1 Bogota Colombie
57%
1 Kinshasa R.D. du Congo
57%
1 Téhéran Iran
56%
1 Hô Chi Minh-Ville Viêt Nam
56%
1 Dacca Bangladesh
51%
1 Manille Philippines
48%
1 Lima Pérou
44%
1 Taipei Taïwan
30%
1 Luanda Angola
15%
Aucun quiz correspondant
Distribution des résultats
% des personnes avec chaque résultat
Percentile par nombre de réponses
Votre historique - résultats
Vous n’avez pas pris ce quiz depuis la dernière actualisation